Econometrics / (Record no. 11283)
[ view plain ]
| 000 -LEADER | |
|---|---|
| fixed length control field | 00941nam a22002655a 4500 |
| 001 - CONTROL NUMBER | |
| control field | 15049621 |
| 005 - DATE AND TIME OF LATEST TRANSACTION | |
| control field | 20071018143025.0 |
| 008 - FIXED-LENGTH DATA ELEMENTS--GENERAL INFORMATION | |
| fixed length control field | 071018s2008 nyu 000 0 eng |
| 010 ## - LIBRARY OF CONGRESS CONTROL NUMBER | |
| LC control number | 2007939803 |
| 020 ## - INTERNATIONAL STANDARD BOOK NUMBER | |
| International Standard Book Number | 9783540765158 (softcover : alk. paper) |
| 020 ## - INTERNATIONAL STANDARD BOOK NUMBER | |
| International Standard Book Number | 9783540765165 (E- ISBN) |
| 040 ## - CATALOGING SOURCE | |
| Original cataloging agency | DLC |
| Transcribing agency | DLC |
| 082 ## - DEWEY DECIMAL CLASSIFICATION NUMBER | |
| Edition number | 22 |
| Classification number | 330.015195 |
| Item number | BAL |
| 100 1# - MAIN ENTRY--PERSONAL NAME | |
| Personal name | Baltagi, Badi H. |
| 9 (RLIN) | 3604 |
| 245 10 - TITLE STATEMENT | |
| Title | Econometrics / |
| Statement of responsibility, etc | Badi H. Baltagi. |
| 250 ## - EDITION STATEMENT | |
| Edition statement | 4th ed. |
| 260 ## - PUBLICATION, DISTRIBUTION, ETC. (IMPRINT) | |
| Place of publication, distribution, etc | New York : |
| Name of publisher, distributor, etc | Springer, |
| Date of publication, distribution, etc | c2008. |
| 263 ## - PROJECTED PUBLICATION DATE | |
| Projected publication date | 0811 |
| 300 ## - PHYSICAL DESCRIPTION | |
| Extent | xv, 392p. |
| Other physical details | ill.; |
| Dimensions | 24 cm. |
| 504 ## - BIBLIOGRAPHY, ETC. NOTE | |
| Bibliography, etc | Includes bibliographical references and index. |
| 650 1# - SUBJECT ADDED ENTRY--TOPICAL TERM | |
| 9 (RLIN) | 3215 |
| Topical term or geographic name as entry element | Econometrics. |
| 942 ## - ADDED ENTRY ELEMENTS (KOHA) | |
| Source of classification or shelving scheme | Dewey Decimal Classification |
| Item type | Book - Borrowing |
| Withdrawn status | Item status | Source of classification or shelving scheme | Damaged status | Not for loan | Vendor | Home library | Current library | Shelving location | Date acquired | Source of acquisition | Cost, normal purchase price | Serial Enumeration / chronology | Total Checkouts | Total Renewals | Full call number | Barcode | Date last seen | Date last borrowed | Koha item type |
|---|---|---|---|---|---|---|---|---|---|---|---|---|---|---|---|---|---|---|---|
| Dewey Decimal Classification | Alahram | Central Library | Central Library | First floor | 13/04/2009 | 320.00 | 365 | 4 | 23 | 330.015195 BAL | 000015527 | 15/07/2025 | 19/10/2014 | Book - Borrowing |